000 00515nam a2200181 i 4500
001 84788
003 ES-MaACL
005 20230906175114.0
007 t|
008 041124m19081909sp ||||1| spa d
100 1 _aJiménez Rueda, Cecilio.
_966605
245 1 0 _aLecciones de Geometría métrica /
_cpor Cecilio Jiménez Rueda.
250 _a2ª ed. aum.
260 _aMadrid :
_b[s.n.,
_c1908-1909] (
_fFortanet)
300 _a2 v. ;
_c23 cm.
500 _aEl 2º v. es de lám.
852 _aES-MaACL
_jF-4217-18
999 _c84788
_d84788